000 00455nam a2200181Ia 4500
003 IT-RoPAU
005 20220918175437.0
008 120407s9999 xx 000 0 und d
040 _aIT-RoPAU
040 _cIT-RoPAU
100 _aG. V. Legros
_934481
245 _aLa vita di J.H. Fabre. Con un repertorio analitico dei ricordi etimologici serie XI
250 _aMilano
260 _aSonzogno
300 _c cm
490 _v1
942 _cBK
_2ddc
999 _c11789
_d11789